| 000 | 00987nam a22002537a 4500 | ||
|---|---|---|---|
| 999 |
_c332 _d332 |
||
| 003 | AR-CdUCM | ||
| 008 | 190223b ||||| |||| 00| 0 spa d | ||
| 040 |
_aMUNICIPALIDAD PROVINCIAL DEL CUSCO _cBIBLIOTECA MUNICIPAL DEL CUSCO |
||
| 082 |
_a335.4 / _bS54 |
||
| 100 |
_aAmat y León, Carlos _91349 |
||
| 245 | _aSocialismo y Participación / | ||
| 260 |
_aLima : _bPerugraph Editores S.A, _c1979. |
||
| 300 |
_a190 paginas ; _c23 cm. |
||
| 505 | _aMariategui-Haya: Surgimiento de la izquierda nacional -- Anatomía de un fracaso teórico -- Desarrollo tecnológico nacional -- El teatro como catarsis --El poeta y su texto -- Planificación participante ... | ||
| 650 |
_aSocialismo _9640 |
||
| 650 |
_aParticipación _91350 |
||
| 650 |
_aizquierda _91351 |
||
| 650 |
_aDemocracia _91352 |
||
| 700 |
_aBéjar Rivera, Héctor _91353 |
||
| 700 |
_aDelgado Olivera, Carlos _91354 |
||
| 700 |
_aFranco Cortez, Francisco _91355 |
||
| 942 |
_2ddc _cLIBROS |
||
| 945 |
_aacv _d2019-02-23 |
||